Name the country by it's national dish - Statistiques

Statistiques générales
  • Ce quiz a été pris 48 fois
  • Le résultat moyen est 10 sur 29
Réponses sur la Carte
Les réponses sont colorées sur une échelle allant du rouge au vert en fonction du pourcentage des utilisateurs qui les ont devinées à leur premier essai. Vous pouvez retrouver ces pourcentages ci-dessous.
 
Statistiques - réponses
Réponse % Correct
Canada
97%
Spain
64%
Turkey
62%
Vietnam
59%
India
56%
Japan
56%
Greece
54%
Italy
54%
Morocco
54%
United Kingdom
54%
Germany
51%
South Korea
49%
United States
49%
Thailand
36%
Hungary
33%
Peru
26%
Egypt
23%
Nigeria
23%
Ukraine
23%
Australia
21%
Iran
21%
Ireland
21%
Norway
15%
Ghana
10%
Jamaica
8%
Kenya
8%
Ethiopia
5%
Zimbabwe
5%
Fiji
0%
Aucun quiz correspondant
Distribution des résultats
% des personnes avec chaque résultat
Percentile par nombre de réponses
Votre historique - résultats
Vous n’avez pas pris ce quiz